Clubs Français de L2 (ou moins) en coupe d'europe - Statistiques

Statistiques générales
  • Ce quiz a été pris 150 fois
  • Le résultat moyen est 5 sur 9
Statistiques - réponses
saisons clubs % Correct
2009-10 Guingamp
83%
2000-01 Gueugnon
69%
2001-02 Strasbourg
61%
1994-95 Marseille
57%
2002-03 Lorient
56%
1997-98 Nice
54%
1962-63 Saint etienne
49%
2004-05 Chateauroux
44%
1996-97 Nimes
43%
Aucun quiz correspondant
Distribution des résultats
% des personnes avec chaque résultat
Percentile par nombre de réponses
Votre historique - résultats
Vous n’avez pas pris ce quiz